00295nam a2200121Ia 4500008004100000041000900041082002200050100002500072245002500097260003500122300000800157650000800165230718s9999 xx 000 0 und d aEng. a348.J49109bPAK-P aPakistan Law Journal 0aPakistan Law Journal aPakistanbPakistan foundc2006 a626 aLaw